Manual de seguridad sin recursos (Registro nro. 4798)

Detalles MARC
000 -Cabecera
Campo de control de longitud fija 00765aam a2200289 4500
005 - Fecha y hora de la última transacción
Campo de control 20260407153813.0
008 - Elementos de longitud fija--Información general
Campo de control de longitud fija 150420b2005 xxu||||| |||| 00| 0 spa d
020 ## - International Standard Book Number
Número Internacional Estándar del Libro (ISBN) 9872224064
041 ## - Idioma
Código de idioma Español
082 ## - Clasificación Decimal Dewey
Número de clasificación 364.4 C263m2
100 ## - Entrada principal--Autor personal
Nombre personal Carbia, Héctor
9 (RLIN) 34112
100 ## - Entrada principal--Autor personal
Nombre personal Saniez, Luis León
9 (RLIN) 5720
245 ## - Título propiamente dicho
Título Manual de seguridad sin recursos
250 ## - Edición
Mención de edición 2 edición
260 ## - Pie de imprenta
Lugar de publicación, distribución, etc. Argentina
260 ## - Pie de imprenta
Nombre del editor, distribuidor, etc. Seguridad y Defensa
260 ## - Pie de imprenta
Fecha de publicación, distribución, etc. 2005
300 ## - Descripción física
Extensión 164 páginas
490 ## - Serie
Título de la Serie Investigación Criminal
650 ## - Materia general
Temática (materia general) SEGURIDAD CIUDADANA
650 ## - Materia general
Temática (materia general) ORGANIZACIÓN DE LA SEGURIDAD
650 ## - Materia general
Temática (materia general) POLÍTICAS DE LA SEGURIDAD
650 ## - Materia general
Temática (materia general) INSEGURIDAD
650 ## - Materia general
Temática (materia general) CÓDIGO DE CONDUCTA
650 ## - Materia general
Temática (materia general) USO DE LA FUERZA
942 ## - Punto de acceso adicional KOHA
Tipo de ítem KOHA Libro
Fuente del sistema de clasificación o colocación Dewey Decimal Classification
Existencias
Signatura completa Código de barras Programa Académico Tipo de ítem
364.4 C263m2 13884 Investigación Criminal Libro
364.4 C263m2 25026 Investigación Criminal Libro
364.4 C263m2 13705 Investigación Criminal Libro